000 00712nam a2200253Ia 4500
003 OSt
005 20220925204911.0
006 a|||||r|||| 00| 0
007 ta
008 220923b |||||||| |||| 00| 0 eng d
037 _cGeneral Book
040 _aRTL
_cRTL
_beng
041 _2eng
_aeng
082 _aY:88.5925.N, L1
100 _aBogatyrev Petr
_9269230
245 0 _aFunctions of folk costume in Moravian Slovakia. Tr
260 _aHague
_bMouton
_c1971
300 _a107p.
_ccm.
490 _aApproches to semiotics
500 _aGlossary P 106-07
650 _aSocial Personality
942 _hY:88.5925.N, L1
_cGB
_2CC
999 _c550729
_d550729